000 00823cam a22002651 4500
001 7822
003 BD-JhCC
005 20230802084933.0
008 760217s1958 enka j 000 0 eng
035 _a(BD-JhCC)7822
035 _a(OCoLC)1995890
040 _aDLC
_cNOsU
_dUk
_dDLC
_dBD-JhCC
041 _aeng
050 0 0 _aPZ8.1.M88
_bSw
082 _a398.209494
_bMUL 1958
100 2 _aMüller-Guggenbühl, Fritz,
_d1922-
245 1 0 _aSwiss-Alpine folk-tales /
_cretold by Fritz Müller-Guggenbühl. Translated by Katharine Potts. Illustrated by Joan Kiddell-Monroe.
260 _aLondon,
_bOxford University Press,
_c1958.
300 _a225 p.
_billus.
_c23 cm.
440 0 _aOxford myths and legends
650 0 _aLegends
_zSwitzerland.
650 0 _aTales
_zSwitzerland.
942 _2ddc
_cBK
999 _c7822
_d7822